|
|
|
|
| LEADER |
00000n m0a2200000 4500 |
| 001 |
119172 |
| 005 |
20231031124440.0 |
| 035 |
|
|
|a (RuTPU)RU\TPU\book\128969
|
| 090 |
|
|
|a 119172
|
| 100 |
|
|
|a 20070626d1971 m y0rusy50 ca
|
| 101 |
0 |
|
|a rus
|a ger
|
| 102 |
|
|
|a RU
|
| 105 |
|
|
|a a j 001zy
|
| 200 |
1 |
|
|a Сборник упражнений по лексикологии немецкого языка
|e учебное пособие
|f В. Д. Девкин
|
| 205 |
|
|
|a 2-е изд., испр. и доп.
|
| 210 |
|
|
|a Москва
|c Высшая школа
|d 1971
|
| 215 |
|
|
|a 271 с.
|c ил.
|
| 320 |
|
|
|a Библиография: с. 262-264.
|
| 320 |
|
|
|a Словари: с. 265-269.
|
| 610 |
1 |
|
|a сборники
|
| 610 |
1 |
|
|a упражнения
|
| 610 |
1 |
|
|a лексикология
|
| 610 |
1 |
|
|a немецкий язык
|
| 610 |
1 |
|
|a учебные пособия
|
| 610 |
1 |
|
|a антонимы
|
| 610 |
1 |
|
|a омонимы
|
| 610 |
1 |
|
|a неологизмы
|
| 610 |
1 |
|
|a архаизмы
|
| 610 |
1 |
|
|a поэтизмы
|
| 610 |
1 |
|
|a заимствования
|
| 610 |
1 |
|
|a лексика
|
| 610 |
1 |
|
|a коллоквиализмы
|
| 610 |
1 |
|
|a жаргонизмы
|
| 610 |
1 |
|
|a терминологическая лексика
|
| 610 |
1 |
|
|a профессиональная лексика
|
| 610 |
1 |
|
|a фразеологизмы
|
| 610 |
1 |
|
|a лексикография
|
| 675 |
|
|
|a 43-2
|v 3
|
| 700 |
|
1 |
|a Девкин
|b В. Д.
|g Валентин Дмитриевич
|
| 801 |
|
1 |
|a RU
|b 63413507
|c 20070626
|g PSBO
|
| 801 |
|
2 |
|a RU
|b 63413507
|c 20080201
|g PSBO
|
| 942 |
|
|
|c BK
|